01255 2200397 4500001002100000005001500021035002000036007000300056008004100059020002200100020002200122040002200144082001400166084001600180090002000196090002200216090002200238100003800260245006700298250003100365250003000396300006600426650001800492700003200510850001200542504003300554264005400587264005400641336002100695337003000716338002300746999002200769999002200791990002200813990002200835INLIS00000000085260020191101084522 a0010-1119000008ta191101s20192017yoia gr ind d a978-979-420-904-2 a978-979-420-904-x aYOPDYOGbinderda04223a552.3 a552.3 SUG s aDEP 552.3 SUG s aCB-D.11 2019-1612 aCB-D.11 2017-11420 aSugeng S. Surjonod1970-epenulis10aSedimentologi /cpenulis, Sugeng S. Surjono, D. Hendra Amijaya aCetakan ketiga: Maret 2019 aCetakan pertama: Mei 2017 axxiii, 294 halaman :btabel, grafik, gambar berwarna ;c23 cm 4aSedimentologi1 aHendra Amijaya, D.epenulis aYOPDYOG aBibliografi: halaman 275-29231aYogyakarta :bGadjah Mada University Press,c201931aYogyakarta :bGadjah Mada University Press,c2017 2rdacontentateks 2rdamediaatanpa perantara 2rdacarrieravolume aCB-D.11/2019-1612 aCB-D.11/2017-1142 aCB-D.11/2017-1142 aCB-D.11/2019-1612